Topics in number theory

Αποθηκεύτηκε σε:
Λεπτομέρειες βιβλιογραφικής εγγραφής
Κύριος συγγραφέας: LeVeque, William Judson
Μορφή: Βιβλίο
Γλώσσα:English
Δημοσίευση: Reading, Massachusetts : Addison-Wesley, 1956
Σειρά:Addison-Wesley mathematics series
Θέματα:
Ετικέτες: Προσθήκη ετικέτας
Δεν υπάρχουν, Καταχωρήστε ετικέτα πρώτοι!

MARC

LEADER 00000cam a2200000 i 4500
001 1/97404
008 081118s1956 eng d
035 |l 10101701 
040 |a GR-MY-UA  |b gre  |e aacr 
041 0 |a eng 
082 0 |a 512.7  |2 (22) 
100 1 |a LeVeque, William Judson. 
245 1 0 |a Topics in number theory /  |c William Judson LeVeque 
260 |a Reading, Massachusetts :   |b Addison-Wesley,   |c 1956 
300 |a 2 τ.;  |b σχέδια;  |c 22 εκ. 
490 1 |a Addison-Wesley mathematics series 
504 |a Περιέχουν βιβλιογραφικές παρπομπές και ευρετήριο 
650 0 0 |a Number theory. 
830 0 |a Addison-Wesley mathematics series 
852 |a INST  |b SAMOS  |c MAG  |e 20081118  |h 512.7 LEV  |p 005300029620  |q 005300029620  |t BK  |v τ.2:  |y 0  |z τ.2 
852 |a INST  |b SAMOS  |c MAG  |e 20081118  |h 512.7 LEV  |p 005300029621  |q 005300029621  |t BK  |v τ.1:  |y 0  |z τ.1 
853 |a INST  |b SAMOS  |c MAG  |h 512.7 LEV 
901 |a BIBL3-2008-3 
909 |a Σ  |b 155358 
909 |a Σ  |b 155359 
970 |a ΡΟΥΣΣΟΥ  |b ΚΩΝΣΤΑΝΤΙΝΑ  |z 2008/11/18